Školská zrelosť ako problém dnešnej doby a predpoklad úspešnosti dieťaťa

Dôležitosť správneho vývinu mladej generácie. Súčasné problémy detí prichádzajúcich do škôl. Disharmonická nedostatočná sociálna zrelosť detí a medzery v rovine pozitívnej socializácie. Komunikácia a akceptácia autorít - vplyv médií.

Na minha lista:
Detalhes bibliográficos
Autor principal: Soroková, Tatiana
Formato: Capítulo de Livro
Idioma:eslovaco
Assuntos:
Tags: Adicionar Tag
Sem tags, seja o primeiro a adicionar uma tag!

MARC

LEADER 00000naa a2200000 4500
001 0205988
005 20231127103331.3
041 0 |a slo 
044 |a SK 
245 1 0 |a Školská zrelosť ako problém dnešnej doby a predpoklad úspešnosti dieťaťa  |c Tatiana Soroková 
520 |a Dôležitosť správneho vývinu mladej generácie. Súčasné problémy detí prichádzajúcich do škôl. Disharmonická nedostatočná sociálna zrelosť detí a medzery v rovine pozitívnej socializácie. Komunikácia a akceptácia autorít - vplyv médií. 
610 2 0 |a psychológia sociálna 
610 2 0 |a patológia sociálna 
610 2 0 |a socializácia 
610 2 0 |a kolektív 
610 2 0 |a správanie sociálne 
610 2 0 |a deti 
610 2 0 |a školy 
100 1 |a Soroková, Tatiana